[Event "Norway Masters blitz 3rd"]
[Site "Stavanger"]
[Date "2015.06.15"]
[Round "2"]
[White "Anand, Viswanathan"]
[Black "Hammer, Jon Ludvig"]
[Result "1-0"]
[WhiteElo "2804"]
[BlackElo "2677"]
[PlyCount "95"]
[EventDate "2015.06.15"]
[EventType "tourn (blitz)"]
[EventRounds "9"]
[EventCountry "NOR"]
[EventCategory "22"]
[SourceTitle "CBM 166 Extra"]
[Source "ChessBase"]
[SourceDate "2015.06.18"]
[SourceVersion "1"]
[SourceVersionDate "2015.06.18"]
[SourceQuality "1"]

1. Nf3 d5 2. g3 g6 3. Bg2 Bg7 4. c4 dxc4 5. Na3 c5 ({RR} 5... Nc6 6. Nxc4 e5 7. O-O Nge7 8. d3 O-O 9. Bd2 Be6 10. Rc1 a5 11. Bc3 f6 12. b3 Qd7 13. Nfd2 Rfd8 14. Ne4 b6 15. Bb2 Nd5 16. Nc3 Nce7 17. Nxd5 Bxd5 18. Bxd5+ Nxd5 19. Qc2 Bh6 20. Rcd1 {Anand,V (2760)-Vachier Lagrave,M (2789) Stavanger 2018 1-0 (40)}) ({RR} 5... e5 6. O-O Nc6 7. Nxc4 Nge7 8. d3 O-O 9. Bd2 Re8 10. b4 a6 11. Rc1 Rb8 12. a3 Nf5 13. Ng5 Ncd4 14. Ne4 Nd6 15. Ncxd6 cxd6 16. Nc3 Be6 17. Nd5 Rc8 18. Rxc8 Qxc8 19. e3 Bg4 20. f3 {Petursson,M (2403)-Van Haastert,E (2408) Prague CZE 2025 ½-½}) 6. Nxc4 Nc6 7. d3 Nh6 $146 ({RR} 7... Nf6 8. Be3 Nd4 9. Nxd4 cxd4 10. Bf4 O-O 11. Qb3 Nd5 12. Bd2 Rb8 13. O-O Be6 14. a4 Qd7 15. Qb5 Rfd8 16. Rfc1 Bg4 17. Re1 Be6 18. Rac1 Rbc8 19. Na5 Rb8 20. Rc2 a6 21. Qxd7 Rxd7 22. Rec1 {Ivanov,M (2470)-Bartos,J (2188) Teplice 2009 ½-½ (40)}) 8. Be3 Be6 9. O-O b6 10. Rc1 Nf5 11. Bd2 Rc8 12. Bc3 Nfd4 13. Nxd4 Bxd4 14. Qa4 Bd7 15. Bxc6 Bxc6 16. Qxa7 b5 17. Na5 Ba8 18. Bxd4 Qxd4 19. Nb3 Qxb2 20. Rxc5 O-O 21. Rxc8 Rxc8 22. Qxe7 Qxa2 23. Nd4 Qd5 24. Nf3 Qf5 25. Ne5 b4 26. e4 Qe6 27. Qxe6 fxe6 28. Rb1 Rb8 29. f4 Rb6 30. Kf2 Bb7 31. Ke3 Ba6 32. Kd4 Kg7 33. Rb3 h6 34. Kc5 Rb5+ 35. Kc6 g5 36. Nd7 gxf4 37. gxf4 Rh5 38. Nc5 Bc8 39. Rxb4 e5 40. f5 Rxh2 41. Rb8 Bxf5 42. exf5 Rf2 43. Ne6+ Kf6 44. Rf8+ Ke7 45. Kd5 Rf3 46. Kxe5 Rxd3 47. f6+ Kd7 48. Rd8+ 1-0

[Event "Norway Masters blitz 3rd"]
[Site "Stavanger"]
[Date "2015.06.15"]
[Round "3"]
[White "Vachier Lagrave, Maxime"]
[Black "Aronian, Levon"]
[Result "1-0"]
[WhiteElo "2723"]
[BlackElo "2780"]
[PlyCount "80"]
[EventDate "2015.06.15"]
[EventType "tourn (blitz)"]
[EventRounds "9"]
[EventCountry "NOR"]
[EventCategory "22"]
[SourceTitle "CBM 166 Extra"]
[Source "ChessBase"]
[SourceDate "2015.06.18"]
[SourceVersion "1"]
[SourceVersionDate "2015.06.18"]
[SourceQuality "1"]

1. Nf3 d5 2. g3 Nf6 3. Bg2 e6 4. O-O Be7 5. d3 O-O 6. Nbd2 Nc6 7. e4 dxe4 8. dxe4 e5 9. c3 a5 10. Qc2 Be6 ({RR} 10... Bc5 11. Nc4 Qe7 12. Bg5 h6 13. Bh4 Bg4 14. Ne3 Bxe3 15. fxe3 Bxf3 16. Bxf6 Qxf6 17. Rxf3 Qe7 18. Raf1 f6 19. Rd1 b6 20. Bf1 Rfd8 21. Bc4+ Kh8 22. Bd5 Rd6 23. g4 Qd7 24. Qg2 Ne7 25. g5 {Gubajdullin,A (2238)-Sairam,P (2016) chess.com INT 2025 1-0}) 11. Rd1 ({RR} 11. Ng5 Bd7 12. Rd1 Ng4 13. Ngf3 Bc5 14. Rf1 Qc8 15. a4 h6 16. Nc4 Be6 17. Qe2 b6 18. b3 Re8 19. Nh4 Nf6 20. Kh1 Qa6 21. Nf5 Bxf5 22. exf5 e4 23. f3 e3 24. f4 Ne7 25. Bxa8 Qxa8+ {Karjakin,S (2760)-Aronian,L (2777) Zuerich 2015 0-1 (66)}) 11... Qc8 12. Nf1 Bc5 $146 ({RR} 12... Rd8 13. Bg5 h6 14. Bxf6 Bxf6 15. Ne3 Be7 16. Nd5 Bc5 17. b4 Bd6 18. b5 Bxd5 19. Rxd5 Ne7 20. Rd2 Qe6 21. Rad1 Ng6 22. h4 Nf8 23. Kh2 Nh7 24. Bh3 Qe7 25. Ne1 Nf6 26. Ng2 Bc5 27. Rxd8+ {Lyons,B (1961)-Webb,L (2342) Porto Carras 2018 ½-½ (56)}) ({RR} 12... Rd8 13. Rxd8+ Qxd8 14. Bg5 Bc5 15. b3 h6 16. Be3 Qe7 17. Rd1 Ng4 18. Bxc5 Qxc5 19. h3 Nf6 20. Ne3 Rd8 21. Rxd8+ Nxd8 22. Nh4 Nc6 23. Qd2 a4 24. bxa4 Kh7 25. Nhf5 Qa3 26. Nd5 Nxd5 27. exd5 {Beveridge,A (2250)-Buchanan,W (2150) Oban 1996 ½-½ (42)}) 13. Be3 Bxe3 14. Nxe3 Rd8 15. Ng5 Rxd1+ 16. Rxd1 Bg4 17. f3 Bd7 18. Qb3 Qe8 19. Qxb7 h6 20. Bh3 Rd8 21. Bxd7 Rxd7 22. Nh3 Rxd1+ 23. Nxd1 Qd7 24. Nhf2 Nd8 25. Qa7 Qd2 26. Qe3 Qd7 27. Qd3 Qe7 28. Ne3 Ne6 29. Qb5 Qd6 30. Nc4 Qd8 31. Kg2 Nd7 32. Qxa5 Ndc5 33. Nxe5 Qd2 34. b4 Qxc3 35. Qa8+ Nf8 36. bxc5 Qxe5 37. a4 Qxc5 38. a5 g6 39. a6 Kg7 40. a7 Qa5 1-0

[Event "Norway Masters blitz 3rd"]
[Site "Stavanger"]
[Date "2015.06.15"]
[Round "7"]
[White "Vachier Lagrave, Maxime"]
[Black "Hammer, Jon Ludvig"]
[Result "1-0"]
[WhiteElo "2723"]
[BlackElo "2677"]
[PlyCount "65"]
[EventDate "2015.06.15"]
[EventType "tourn (blitz)"]
[EventRounds "9"]
[EventCountry "NOR"]
[EventCategory "22"]
[SourceTitle "CBM 166 Extra"]
[Source "ChessBase"]
[SourceDate "2015.06.18"]
[SourceVersion "1"]
[SourceVersionDate "2015.06.18"]
[SourceQuality "1"]

1. Nf3 d5 2. g3 g6 3. Bg2 Bg7 4. O-O e5 5. d3 Ne7 6. e4 O-O 7. exd5 Nxd5 8. Nc3 ({RR} 8. Re1 Nc6 9. Nc3 Nde7 10. Rb1 a5 11. a3 Re8 12. b4 axb4 13. axb4 Nf5 14. Bg5 f6 15. Bd2 Be6 16. b5 Nce7 17. g4 Nd4 18. Nxd4 Qxd4 19. Bxb7 Bxg4 20. Bf3 Bxf3 21. Qxf3 Ra3 22. b6 c6 {Carlsen,M (2832)-Nakamura,H (2786) Chess.com INT 2018 1-0}) 8... Nb6 ({RR} 8... Nxc3 9. bxc3 Nc6 10. Bg5 f6 11. Be3 f5 12. Qb1 h6 13. Qb3+ Kh7 14. Rae1 Qf6 15. d4 e4 16. Nd2 b6 17. f3 exf3 18. Nxf3 Ba6 19. Rf2 Rad8 20. Bg5 hxg5 21. Re6 g4 22. Rxc6 Rd6 23. Ne5 {Neverov,V (2426)-Liu,Z (2335) Budapest HUN 2025 0-1 (50)}) ({RR} 8... Nxc3 9. bxc3 Nc6 10. Rb1 Rb8 11. Re1 Bg4 12. h3 Be6 13. a4 b6 14. a5 Qd7 15. axb6 Rxb6 16. Rxb6 cxb6 17. Ng5 Bd5 18. Ne4 f5 19. c4 {½-½ (19) Chatalbashev,B (2571)-Hammer,J (2622) Kragero 2018}) 9. a4 $146 ({RR} 9. Re1 Nc6 10. Bg5 f6 11. Be3 Be6 12. d4 Bg4 13. dxe5 Qxd1 14. Nxd1 fxe5 15. Ng5 Rad8 16. Bxb6 axb6 17. Ne3 Bh6 18. Nxg4 Bxg5 19. Bxc6 bxc6 20. Rxe5 Rf5 21. Rae1 Rd2 22. R5e2 h5 23. Rxd2 Bxd2 {Kovalev,D (2487)-Gokerkan,C (2512) chess.com INT 2024 ½-½ (46)}) ({RR} 9. Re1 Nc6 10. Bg5 f6 11. Be3 Be6 12. d4 Bg4 13. dxe5 Qxd1 14. Nxd1 fxe5 15. Ng5 Rad8 16. Bxb6 axb6 17. Ne3 Bh6 18. Nxg4 Bxg5 19. Bxc6 bxc6 20. Rxe5 Rf5 21. Rae1 Rd2 22. R5e2 h5 23. Rxd2 Bxd2 {Kovalev,D (2487)-Gokerkan,C (2512) chess.com INT 2024 ½-½ (46)}) 9... a5 10. Bg5 f6 11. Be3 Nc6 12. d4 Nc4 13. dxe5 Qxd1 14. Raxd1 Nxb2 15. Rb1 Nc4 16. Bc5 Rf7 17. exf6 Bxf6 18. Nd5 Bd8 19. Rfe1 b6 20. Re8+ Kg7 21. Nd4 Bd7 22. Ne6+ Kh6 23. Nxd8 Rxd8 24. Rxd8 Nxd8 25. Bd4 Ne6 26. Bc3 Bxa4 27. Re1 Nc5 28. h4 Bxc2 29. Ne7 Nd3 30. Ng8+ Kh5 31. Re7 Rxf2 32. Bh3 h6 33. Rh7 1-0

[Event "Benasque op 35th"]
[Site "Benasque"]
[Date "2015.07.07"]
[Round "6"]
[White "Granda Zuniga, Julio E"]
[Black "Jakubowski, Krzysztof"]
[Result "1-0"]
[WhiteElo "2652"]
[BlackElo "2565"]
[PlyCount "71"]
[EventDate "2015.07.03"]
[EventType "swiss"]
[EventRounds "10"]
[EventCountry "ESP"]
[SourceTitle "CBM 167 Extra"]
[Source "ChessBase"]
[SourceDate "2015.09.14"]
[SourceVersion "1"]
[SourceVersionDate "2015.09.14"]
[SourceQuality "1"]

1. Nf3 d5 2. g3 c6 3. Bg2 Bg4 4. b3 Nd7 5. Bb2 Qc7 6. c4 dxc4 7. bxc4 e5 8. O-O Ngf6 9. d3 Bd6 10. Nbd2 O-O 11. h3 Bxf3 12. Bxf3 Nc5 $146 ({RR} 12... Rfe8 13. Rb1 Nc5 14. Qc2 Ne6 15. e3 Ng5 16. Bg2 Qd7 17. Kh2 Ne6 {½-½ (17) Boos,M-Weisbrod,A Germany 1994}) 13. Bg2 Rad8 14. Qc2 Ne6 15. e3 Rd7 16. Rad1 Rfd8 17. Nf3 h6 18. Bc3 Ng5 19. Nh4 Nfh7 20. Qb2 f6 21. Qe2 Nf8 22. d4 Nf7 23. Nf5 g6 24. Nxd6 Rxd6 25. h4 h5 26. c5 R6d7 27. Qc4 Kg7 28. Rb1 Re8 29. Rb3 e4 30. Rfb1 g5 31. hxg5 Nxg5 32. Rxb7 Qxb7 33. Rxb7 Rxb7 34. d5 Rb1+ 35. Kh2 Ng6 36. dxc6 1-0

[Event "NED-ch"]
[Site "Amsterdam"]
[Date "2015.07.11"]
[Round "6"]
[White "Van Wely, Loek"]
[Black "Bok, Benjamin"]
[Result "1-0"]
[WhiteElo "2647"]
[BlackElo "2562"]
[PlyCount "87"]
[EventDate "2015.07.05"]
[EventType "tourn"]
[EventRounds "7"]
[EventCountry "NED"]
[EventCategory "15"]
[SourceTitle "CBM 168"]
[Source "ChessBase"]
[SourceDate "2015.09.14"]
[SourceVersion "1"]
[SourceVersionDate "2015.09.14"]
[SourceQuality "1"]

1. Nf3 Nf6 2. g3 c5 3. Bg2 Nc6 4. O-O e5 5. e4 Be7 6. Re1 O-O 7. c3 Re8 8. Na3 d6 9. h3 h6 10. d3 Be6 ({RR} 10... Bf8 11. Nc4 b5 12. Ne3 Rb8 13. a4 a6 14. axb5 axb5 15. Nd2 Be6 16. Nd5 Bxd5 17. exd5 Ne7 18. c4 bxc4 19. dxc4 Nf5 20. Ra7 Nd4 21. Qa4 Re7 22. Ra6 Reb7 23. Kh1 Rb4 24. Qa2 Qc8 25. Nf1 {Kazakouski,V (2577)-Trost,E (2433) chess.com INT 2024 ½-½ (70)}) 11. Kh2 $146 ({RR} 11. Nc2 Bf8 12. b4 cxb4 13. cxb4 a5 14. bxa5 Rxa5 15. d4 exd4 16. Nfxd4 Bd7 17. Bb2 Ra4 18. a3 Nxd4 19. Bxd4 d5 20. exd5 Rxe1+ 21. Qxe1 Bf5 22. Nb4 Qa5 23. Qe5 Rxa3 24. Rxa3 Qxa3 25. Qxf5 Qxb4 {Amin,B (2667)-Saric,I (2668) Munich GER 2022 ½-½ (72)}) ({RR} 11. Nc2 Bf8 12. b4 cxb4 13. cxb4 a5 14. bxa5 Rxa5 15. d4 exd4 16. Nfxd4 Bd7 17. Bb2 Ra4 18. a3 Nxd4 19. Bxd4 d5 20. exd5 Rxe1+ 21. Qxe1 Bf5 22. Nb4 Qa5 23. Qe5 Rxa3 24. Rxa3 Qxa3 25. Qxf5 Qxb4 {Amin,B (2667)-Saric,I (2668) Munich GER 2022 ½-½ (72)}) 11... Bf8 12. Nc2 g6 13. d4 exd4 14. cxd4 d5 15. exd5 Bxd5 16. dxc5 Be4 17. Ne3 Bxc5 18. Bd2 Nb4 19. Bc3 Nfd5 20. Nxd5 Qxd5 21. Qxd5 Bxd5 22. Rxe8+ Rxe8 23. Ne5 Bxg2 24. Kxg2 Bd6 25. Ng4 Re6 26. Nxh6+ Kf8 27. Ng4 Nd5 28. Bd4 b6 29. Rd1 Ke7 30. Kf3 f5 31. Ne3 Nxe3 32. Bxe3 Be5 33. Bg5+ Bf6 34. Bxf6+ Kxf6 35. Rd7 Rc6 36. Rxa7 Rc2 37. b4 Rb2 38. a3 Rb3+ 39. Kg2 f4 40. gxf4 Kf5 41. Rf7+ Ke6 42. Rb7 Rxa3 43. Rxb6+ Kf5 44. b5 1-0

[Event "Titled Tuesday intern op 7th July"]
[Site "Chess.com INT"]
[Date "2015.07.07"]
[Round "4"]
[White "Nakamura, Hikaru"]
[Black "Dlugy, Maxim"]
[Result "1-0"]
[WhiteElo "2814"]
[BlackElo "2516"]
[PlyCount "113"]
[EventDate "2015.07.07"]
[EventType "swiss (blitz)"]
[EventRounds "9"]
[EventCountry "USA"]
[SourceTitle "EXT 2021"]
[Source "ChessBase"]
[SourceDate "2020.10.23"]
[SourceVersion "1"]
[SourceVersionDate "2020.10.23"]
[SourceQuality "1"]

1. b3 d5 2. Bb2 c5 3. e3 Nc6 4. Bb5 Bd7 5. Nf3 Nf6 6. O-O g6 7. Bxc6 ({RR} 7. c4 dxc4 8. Bxc4 Bg7 9. d4 cxd4 10. Nxd4 O-O 11. Nd2 Rc8 12. Rc1 a6 13. N2f3 Qa5 14. Qe2 Nxd4 15. Bxd4 Bb5 16. Bxb5 Qxb5 17. Qb2 Rfd8 18. h3 Ne8 19. Rfd1 Bxd4 20. Nxd4 Qb6 21. Rxc8 Rxc8 {Carlsen,M (2839)-Vidit,S (2716) chess.com INT 2023 1-0 (51)}) 7... Bxc6 8. Ne5 Rc8 9. Ng4 $146 ({RR} 9. d3 Bg7 10. Nd2 O-O 11. Qe2 Qc7 12. Nxc6 Qxc6 13. Nf3 Rfd8 14. Rfe1 b5 15. Rad1 c4 16. dxc4 bxc4 17. Bd4 Ne4 18. Bxg7 Kxg7 19. Ra1 Qf6 20. Nd2 Nc3 21. Qf3 Qxf3 22. gxf3 e6 23. Nb1 cxb3 {Hermannsdoerfer,F (2193)-Fucik,T (2033) Wiesbaden 2015 ½-½ (43)}) ({RR} 9. d3 Bg7 10. Nd2 O-O 11. f4 b6 12. Qe2 Bb7 13. a4 Nd7 14. Ndf3 Nxe5 15. fxe5 c4 16. Bd4 Qc7 17. Ra2 f6 18. exf6 Bxf6 19. Bxf6 Rxf6 20. d4 cxb3 21. cxb3 Qc3 22. Rb1 a5 23. h3 Kg7 {Stempin,P (2246)-Skawinski,A (2333) Lublin POL 2024 0-1 (65)}) ({RR} 9. d3 Bg7 10. f4 O-O 11. Nd2 Nd7 12. Qe1 Nxe5 13. Bxe5 Qa5 14. Bxg7 Kxg7 15. Qf2 Qc3 16. Nf3 f6 17. Qd2 Qxd2 18. Nxd2 Rfd8 19. Rf2 Rd7 20. Nf3 Kf7 21. Rc1 b5 22. c3 Rdc7 23. Rfc2 Bd7 {Holub,M-Tichy,J Czech Republic 1995 ½-½ (56)}) 9... d4 10. Nxf6+ exf6 11. exd4 Bg7 12. Re1+ Kf8 13. dxc5 Qd5 14. Qg4 f5 15. Bxg7+ Kxg7 16. Qh3 Qxc5 17. Qc3+ Qxc3 18. Nxc3 Rhd8 19. Re2 b5 20. a3 a5 21. Nd1 a4 22. b4 Be4 23. d3 Bd5 24. f4 Rc7 25. Kf2 Rdc8 26. Ne3 Be6 27. g3 h6 28. h4 Rc6 29. Ke1 f6 30. Kd2 g5 31. Kc1 Kf7 32. Kb2 gxf4 33. gxf4 Rg8 34. Rae1 Rg3 35. Nd1 Rg4 36. Nc3 Rxh4 37. Nxb5 Rxf4 38. Rh2 Kg6 39. Reh1 Kg7 40. Rxh6 Rf2 41. Nd4 Rd6 42. Kc3 f4 43. R6h2 Rxh2 44. Rxh2 Kg6 45. Rf2 Kg5 46. Ne2 Rc6+ 47. Kd2 Bg4 48. Nxf4 f5 49. c4 Rh6 50. c5 Kf6 51. b5 Ke5 52. Kc3 Rh1 53. b6 Rc1+ 54. Kb2 Rh1 55. c6 Kd6 56. c7 Kd7 57. Rc2 1-0

[Event "Lake Sevan"]
[Site "Martuni"]
[Date "2015.07.19"]
[Round "8"]
[White "Petrosian, Tigran L"]
[Black "Vidit, Santosh Gujrathi"]
[Result "1-0"]
[WhiteElo "2630"]
[BlackElo "2643"]
[PlyCount "85"]
[EventDate "2015.07.12"]
[EventType "tourn"]
[EventRounds "9"]
[EventCountry "ARM"]
[EventCategory "15"]
[SourceTitle "CBM 168"]
[Source "ChessBase"]
[SourceDate "2015.09.14"]
[SourceVersion "1"]
[SourceVersionDate "2015.09.14"]
[SourceQuality "1"]

1. Nf3 {Horn,Peter} d5 2. g3 Nf6 3. Bg2 g6 4. c4 dxc4 5. Na3 Be6 6. Qc2 ({RR} 6. Ng5 Bd5 7. e4 Bc6) 6... Bd5 7. Nxc4 Nc6 8. O-O Bg7 $146 ({RR} 8... Bxf3 9. Bxf3 Nd4 10. Qd3 Nxf3+ 11. Qxf3 c6 12. Qb3 b6 13. d4 ({RR} 13. Ne5 Qd5 14. d4) 13... Qxd4 14. Bf4 Bg7 15. Ne5 Qd5 16. Rfd1 Qxb3 17. axb3 c5 18. Nc6 ({RR} 18. Nc4 O-O) 18... a5 19. Rd3 ({RR} 19. Bc7 Nd7 ({RR} 19... Rc8 20. Bxb6)) 19... e6 ({RR} 19... O-O 20. Nxe7+ Kh8) 20. Be5 ({RR} 20. Bc7 Rc8) 20... O-O 21. Rad1 Rfe8 22. Rf3 Nd5 ({RR} 22... Ne4 23. Rd7) 23. e4 {Tal,M (2575)-Kruppa,Y (2485) Moscow 1991 URS-ch [Horn,Peter] ½-½ (41)}) 9. d3 Bxf3 10. exf3 Nd4 11. Qd1 O-O 12. f4 c6 13. Bd2 Nd5 14. Ba5 b6 15. Bd2 a5 16. a3 a4 17. Rb1 Nb3 18. h4 Qc7 19. Re1 Rad8 20. h5 b5 21. Ne5 c5 22. hxg6 hxg6 23. Qe2 e6 24. Rbd1 Rd6 25. Bh3 Rfd8 26. Kh2 Nd4 27. Qe4 Nf6 28. Qh1 Nb3 29. Bc3 Nd5 30. Bd2 Nxd2 31. Rxd2 Ne7 32. Rc2 Qb6 33. Qe4 Nf5 34. Bxf5 exf5 35. Qh1 Rd5 36. Rce2 Qd6 37. Kg1 Qc7 38. Nf3 f6 39. Nh4 Rxd3 40. Nxg6 Rd1 41. Ne7+ Kf8 42. Qh7 Rxe1+ 43. Rxe1 1-0

[Event "Biel MTO op 48th"]
[Site "Biel"]
[Date "2015.07.23"]
[Round "4"]
[White "Erdos, Viktor"]
[Black "Bartel, Mateusz"]
[Result "1-0"]
[WhiteElo "2610"]
[BlackElo "2631"]
[PlyCount "71"]
[EventDate "2015.07.20"]
[EventType "swiss"]
[EventRounds "11"]
[EventCountry "SUI"]
[SourceTitle "CBM 167 Extra"]
[Source "ChessBase"]
[SourceDate "2015.09.14"]
[SourceVersion "1"]
[SourceVersionDate "2015.09.14"]
[SourceQuality "1"]

1. Nf3 d5 2. g3 g6 3. c4 d4 4. Bg2 Bg7 5. O-O e5 6. d3 Ne7 7. b4 O-O 8. Nbd2 c6 9. Nb3 ({RR} 9. a4 Bf5 10. b5 Nd7 11. Ba3 c5 12. Nh4 Qc7 13. Nxf5 Nxf5 14. a5 Nd6 15. Qa4 f5 16. Rae1 Rfe8 17. e3 Bh6 18. Bd5+ Kg7 19. Bc1 Nf6 20. Bg2 dxe3 21. fxe3 Nf7 22. a6 b6 23. Bxa8 Rxa8 {Arsovic,Z (2390)-Pajcin,L (2221) Vrnjacka Banja SRB 2023 1-0 (69)}) 9... Na6 ({RR} 9... h6 10. a4 a6 11. Ba3 Re8 12. b5 axb5 13. axb5 cxb5 14. cxb5 Nd5 15. Qc2 Qd7 16. Nc5 Qd8 17. Ne4 f5 18. Nd6 Rxa3 19. Nxe8 Rxa1 20. Rxa1 Qxe8 21. Nxd4 Nb6 22. Nc6 bxc6 23. bxc6 e4 24. Rb1 {Vaganian,R (2615)-Sakaev,K (2560) Moscow 1996 1-0 (59)}) 10. Qd2 Rb8 $146 ({RR} 10... Nc7 11. a4 b6 12. b5 c5 13. a5 Rb8 14. axb6 axb6 15. Ra7 h6 16. e3 dxe3 17. Qxe3 Nf5 18. Qe4 Nd6 19. Qc6 Ne6 20. Re1 e4 21. dxe4 Bb7 22. Rxb7 Nxb7 23. e5 Qd3 24. Nfd2 Na5 25. Nxa5 {Bricard,E (2443)-Baburin,A (2565) France 2002 0-1 (63)}) 11. Bb2 b5 12. c5 Nd5 13. a3 Nac7 14. Rae1 Be6 15. Qc2 f6 16. e3 dxe3 17. fxe3 Bh6 18. Bc1 Ne7 19. Na5 Qd7 20. d4 e4 21. Qxe4 Bf5 22. Qh4 Bg7 23. Qf4 Ne6 24. Qd6 Qe8 25. Nxc6 Nxc6 26. d5 Ne5 27. dxe6 Nc4 28. Qc7 Be4 29. Nd4 Rb7 30. Qf4 Bxg2 31. Kxg2 f5 32. Qf3 Qe7 33. Rd1 Ne5 34. Qd5 Rc8 35. e4 Rd8 36. Nxf5 1-0

[Event "TUR-chT"]
[Site "Kocaeli"]
[Date "2015.08.05"]
[Round "2.6"]
[White "Mamedov, Rauf"]
[Black "Can, Emre"]
[Result "1-0"]
[WhiteElo "2651"]
[BlackElo "2547"]
[PlyCount "109"]
[EventDate "2015.08.04"]
[EventType "team-tourn"]
[EventRounds "13"]
[EventCountry "TUR"]
[SourceTitle "CBM 167 Extra"]
[Source "ChessBase"]
[SourceDate "2015.09.14"]
[SourceVersion "1"]
[SourceVersionDate "2015.09.14"]
[SourceQuality "1"]
[WhiteTeam "Besiktas Jimnastik"]
[BlackTeam "Istanbul Teknik Uni"]
[WhiteTeamCountry "TUR"]
[BlackTeamCountry "TUR"]

1. Nf3 d5 2. g3 g6 3. Bg2 Bg7 4. O-O e5 5. d3 Ne7 6. c4 d4 7. b4 O-O 8. Nbd2 a5 9. b5 c5 10. bxc6 Nexc6 11. Rb1 ({RR} 11. Ne4 f5 12. Nc5 Na6 13. Nxa6 Rxa6 14. Nd2 Qe7 15. Rb1 Nb4 16. Ba3 Re8 17. Nb3 b6 18. Qd2 Bf8 19. Rfc1 Be6 20. e3 dxe3 21. Qxe3 Qc7 22. Bb2 Bg7 23. a3 Nc6 24. Re1 Bf7 25. Rbc1 a4 {Afanasiev,N (2541)-Gleizerov,E (2378) Yekaterinburg RUS 2024 1-0 (55)}) 11... Na6 12. Ne1 ({RR} 12. h4 h6 13. Nh2 Kh7 14. h5 gxh5 15. Ndf3 f5 16. Kh1 Qe7 17. e3 dxe3 18. Bxe3 f4 19. gxf4 exf4 20. Bb6 Bf5 21. Rb5 h4 22. Re1 Qf6 23. Rxf5 Qxf5 24. Nxh4 Qf6 25. Be4+ Kg8 26. Bd5+ Kh7 {Kasimdzhanov,R (2700)-Giri,A (2752) Rosmalen 2014 ½-½}) 12... Ncb4 13. a3 $146 ({RR} 13. Rb2 Re8 14. Nc2 Bf8 15. Nxb4 axb4 16. Nb3 Ra7 17. Bd2 b6 18. Na1 Nc5 19. Bc6 Bd7 20. Bxd7 Qxd7 21. Rxb4 Rxa2 22. Rxb6 e4 23. Nb3 exd3 24. exd3 Nxd3 25. Qb1 Qa7 26. Rb5 Ne5 27. Qe4 f5 {Mihajlovskij,S (2445)-Gleizerov,E (2570) Saratov 2006 ½-½}) 13... Nc6 14. Qa4 Qc7 15. Qb5 Rb8 16. Ne4 Bg4 17. Bf3 Bh3 18. Ng2 h6 19. Bd2 Qe7 20. c5 Nc7 21. Qa4 Ne8 22. Rfc1 Bd7 23. Bxa5 f5 24. Nd2 Nf6 25. Bc7 e4 26. Bd6 Qe8 27. Bxb8 Nxb8 28. Qb3+ Be6 29. Qxb7 Bd5 30. Qc7 g5 31. Re1 Qc6 32. Qd6 Qxd6 33. cxd6 exf3 34. Nxf3 Nfd7 35. Rec1 Kf7 36. Nd2 Ke6 37. e4 dxe3 38. Nxe3 Ba8 39. Re1 Nc6 40. Rb5 f4 41. Nf5+ Be5 42. Nxh6 Kxd6 43. Nc4+ Kc7 44. Rbxe5 Ndxe5 45. Nxe5 Nxe5 46. Rxe5 Rd8 47. Rc5+ Kb6 48. Rc3 Re8 49. Rc1 fxg3 50. fxg3 Re2 51. Ng4 Rg2+ 52. Kf1 Bf3 53. Ne5 Bd5 54. Nd7+ Kb7 55. Rc5 1-0

[Event "TUR-chT"]
[Site "Kocaeli"]
[Date "2015.08.08"]
[Round "6.4"]
[White "Mamedyarov, Shakhriyar"]
[Black "Volkov, Sergey"]
[Result "1-0"]
[WhiteElo "2735"]
[BlackElo "2589"]
[PlyCount "97"]
[EventDate "2015.08.04"]
[EventType "team-tourn"]
[EventRounds "13"]
[EventCountry "TUR"]
[SourceTitle "CBM 167 Extra"]
[Source "ChessBase"]
[SourceDate "2015.09.14"]
[SourceVersion "1"]
[SourceVersionDate "2015.09.14"]
[SourceQuality "1"]
[WhiteTeam "Besiktas Jimnastik"]
[BlackTeam "Kocaeli Buyuksehir"]
[WhiteTeamCountry "TUR"]
[BlackTeamCountry "TUR"]

1. Nf3 d5 2. g3 c6 3. Bg2 Nf6 4. O-O Bg4 5. d3 Nbd7 6. Qe1 Bxf3 ({RR} 6... e6 7. h3 Bxf3 8. Bxf3 h5 9. Bg2 Qc7 10. e4 dxe4 11. dxe4 Bd6 12. f4 e5 13. Nd2 h4 14. Nc4 Bc5+ 15. Be3 Bxe3+ 16. Qxe3 hxg3 17. fxe5 Nxe5 18. Qxg3 Nfd7 19. Rad1 O-O-O 20. Nd6+ Kb8 21. Nxf7 {Kramnik,V (2769)-Anand,V (2793) London 2014 1-0 (41)}) ({RR} 6... e6 7. e4 Bxf3 8. Bxf3 Qc7 9. Nc3 d4 10. Ne2 e5 11. Bg2 c5 12. f4 Bd6 13. fxe5 Nxe5 14. Rxf6 gxf6 15. Nf4 O-O-O 16. Nd5 Qc6 17. Qf1 h5 18. Qxf6 h4 19. Bf4 Ng6 20. Qxf7 Bxf4 21. gxf4 {Golubev,M (2461)-Kiseleva,A (1962) chess.com INT 2023 1-0 (34)}) 7. Bxf3 Qc7 8. e4 dxe4 $146 ({RR} 8... h5 9. exd5 cxd5 10. Nc3 h4 11. Nxd5 Nxd5 12. Bxd5 hxg3 13. hxg3 e6 14. Bf4 Bd6 15. Bxd6 Qxd6 16. Bxb7 Rb8 17. Bf3 Ne5 18. Bg2 Rxb2 19. Qc3 Rb8 20. Rfe1 Rh5 21. d4 Nd7 22. d5 e5 23. Rab1 {Hera,I (2533)-Bender,I (2277) Zupanja 2009 1-0 (39)}) 9. dxe4 h5 10. Nd2 e6 11. Nc4 Ne5 12. Nxe5 Qxe5 13. Bf4 Qc5 14. Qe2 h4 15. b4 Qb6 16. Rab1 Nd7 17. Rfd1 Be7 18. b5 c5 19. a4 g5 20. Bd2 Ne5 21. Bh5 hxg3 22. hxg3 c4 23. Bc3 Qc7 24. Kg2 Bc5 25. a5 b6 26. Ra1 Ke7 27. axb6 Bxb6 28. Ra6 Qc5 29. Qd2 Kf6 30. f4 Rxh5 31. Bxe5+ Kg6 32. f5+ Kh6 33. Bf6 exf5 34. Bd4 Qe7 35. Qe3 f4 36. Qf3 Rb8 37. g4 Rh4 38. Bf2 Kg7 39. Bxh4 gxh4 40. Qxf4 h3+ 41. Kxh3 Rh8+ 42. Kg2 Bc7 43. e5 Bxe5 44. Rxa7 Bxf4 45. Rxe7 Rh2+ 46. Kf3 Bg5 47. Re2 Rh3+ 48. Ke4 Rh6 49. Rd5 1-0

[Event "Titled Tuesday intern op 4th Aug"]
[Site "Chess.com INT"]
[Date "2015.08.04"]
[Round "8"]
[White "Indjic, Aleksandar"]
[Black "Dlugy, Maxim"]
[Result "1-0"]
[WhiteElo "2558"]
[BlackElo "2516"]
[PlyCount "97"]
[EventDate "2015.08.04"]
[EventType "swiss (blitz)"]
[EventRounds "9"]
[EventCountry "USA"]
[SourceTitle "EXT 2021"]
[Source "ChessBase"]
[SourceDate "2020.10.23"]
[SourceVersion "1"]
[SourceVersionDate "2020.10.23"]
[SourceQuality "1"]

1. Nf3 b5 2. g3 Bb7 3. Bg2 Nf6 4. O-O e6 5. d3 Be7 6. e4 O-O 7. Re1 c5 ({RR} 7... d6 8. a4 b4 9. a5 c5 10. Nbd2 Nbd7 11. Nc4 d5 12. a6 Bc6 13. Nce5 Rc8 14. Nxc6 Rxc6 15. c3 bxc3 16. bxc3 Qc8 17. e5 Ne8 18. c4 Nc7 19. Ng5 Bxg5 20. Bxg5 Re8 21. Qg4 Nf8 22. h4 {Grischuk,A (2772)-Dai,C (2472) China 2019 1-0}) 8. c3 $146 ({RR} 8. a4 b4 9. Nbd2 Nc6 10. h4 e5 11. Nc4 d6 12. Nh2 Nd7 13. Bh3 Nb6 14. Ne3 g6 15. Nhg4 Rb8 16. a5 Na8 17. Nd5 Nc7 18. Bh6 Nxd5 19. Bxf8 Bxf8 20. exd5 Nd4 21. c3 Nf5 22. Bg2 Bc8 {Gochev,M (2245)-Sviridov,V Karvina 1982 1-0 (46)}) ({RR} 8. Nc3 b4 9. Nb1 d5 10. Nbd2 Nc6 11. e5 Nd7 12. Nf1 Qc7 13. Bf4 c4 14. d4 c3 15. b3 a5 16. Ne3 a4 17. Nxd5 exd5 18. e6 Bd6 19. Bxd6 Qxd6 20. exd7 Qxd7 21. Ne5 Nxe5 22. dxe5 axb3 {Cruz,J (2328)-Peczely,S (2339) chess.com INT 2023 1-0 (44)}) ({RR} 8. c4 bxc4 9. e5 Nd5 10. dxc4 Nb6 11. Qd3 d5 12. exd6 Qxd6 13. Qc2 Nc6 14. Bf4 Qd7 15. Rd1 Nd4 16. Nxd4 cxd4 17. Bxb7 Qxb7 18. Be5 Rfd8 19. Bxd4 e5 20. Bxb6 Rxd1+ 21. Qxd1 Qxb6 22. Qe2 Rc8 {Astaneh Lopez,A (2393)-Tsang,H (2085) Khanty-Mansiysk 2010 1-0 (37)}) 8... d5 9. e5 Nfd7 10. d4 Nc6 11. h4 b4 12. Bf4 Nb6 13. Nbd2 a5 14. Nb3 Na4 15. Qd2 Ba6 16. h5 Rb8 17. Reb1 bxc3 18. bxc3 cxd4 19. cxd4 Bb4 20. Qe3 Bc3 21. Bg5 Qd7 22. h6 g6 23. Qf4 f6 24. exf6 Bxa1 25. Rxa1 Bd3 26. Rc1 Rbc8 27. Bh3 Bf5 28. Bxf5 exf5 29. Re1 Rce8 30. Ne5 Nxe5 31. dxe5 Nc3 32. Nd4 Ne4 33. f3 Qa7 34. Rd1 Nxg5 35. Qxg5 Rxe5 36. Kg2 Qb6 37. f4 Re4 38. Nxf5 Qxf6 39. Qxf6 Rxf6 40. Nd4 Rb6 41. Nf3 Rd6 42. Ng5 Re8 43. Rd4 Re2+ 44. Kf3 Rxa2 45. Rd3 Rh2 46. Rb3 Rd8 47. Rb7 Re8 48. Rg7+ Kf8 49. Nxh7# 1-0